King Lear, 1858 (Record no. 9135)
[ view plain ]
| 000 -LEADER | |
|---|---|
| fixed length control field | 00531 a2200145 4500 |
| 020 ## - INTERNATIONAL STANDARD BOOK NUMBER | |
| International Standard Book Number | 0719121604 |
| 005 - DATE AND TIME OF LATEST TRANSACTION | |
| control field | 20191017172621.0 |
| 084 ## - OTHER CLASSIFICATION NUMBER | |
| Classification number | PR2819.A2 K4 1858a |
| 100 ## - MAIN ENTRY--PERSONAL NAME | |
| Personal name | wIILIAM sHAKESPEARE |
| 245 ## - TITLE STATEMENT | |
| Title | King Lear, 1858 |
| Medium | |
| 260 ## - PUBLICATION, DISTRIBUTION, ETC. | |
| Place of publication, distribution, etc. | enk |
| Name of publisher, distributor, etc. | Cornmarket Press |
| Date of publication, distribution, etc. | 1970 |
| 300 ## - PHYSICAL DESCRIPTION | |
| Extent | [6], 90 p. 20 cm. |
| Other physical details | [6], 90 p. 20 cm. |
| Dimensions | [6], 90 p. 20 cm. |
| 500 ## - GENERAL NOTE | |
| General note | [by William Shakespeare, arranged for representation at the Princess's Theatre with historical and explanatory notes by] Charles Kean. |
| 650 ## - SUBJECT ADDED ENTRY--TOPICAL TERM | |
| Topical term or geographic name entry element | ENGLISH LITERATURE |
| 700 ## - ADDED ENTRY--PERSONAL NAME | |
| Personal name | Kean, Charles John |
No items available.